People by Images - 'W' - Statistics

General Stats
  • This quiz has been taken 67 times
  • The average score is 5 of 16
Answer Stats
Picture Hint Answer % Correct
Animator Walt Disney
92%
President Woodrow Wilson
81%
Singer Whitney Houston
79%
Actress Winona Ryder
60%
Aviator Wilbur Wright
41%
Socialite Wallis Simpson
40%
Emperor Wilhelm I
38%
Poet William Wordsworth
35%
Boxer Wladimir Klitschko
25%
Athlete Wilma Rudolph
21%
Queen Wilhelmina
13%
Physicist Werner Heisenberg
8%
Novelist William Golding
6%
Astronomer William Herschel
5%
Writer Willa Cather
2%
Astronomer Williamina Fleming
0%
No matching quizzes found
Score Distribution
Percent of People with Each Score
Percentile by Number Answered
Your Score History
You have not taken this quiz